The food service industry Type, quantity, and value of foods used
保存先:
| フォーマット: | 図書 |
|---|---|
| 言語: | Undetermined |
| 出版事項: |
Washington, D.C
U.S. Department of Agriculture
1971
|
| 主題: | |
| タグ: |
タグ追加
タグなし, このレコードへの初めてのタグを付けませんか!
|
| Thư viện lưu trữ: | Trung tâm Học liệu Trường Đại học Cần Thơ |
|---|
| LEADER | 00503nam a2200169Ia 4500 | ||
|---|---|---|---|
| 001 | CTU_22107 | ||
| 008 | 210402s9999 xx 000 0 und d | ||
| 082 | |a 665 | ||
| 082 | |b F686 | ||
| 245 | 4 | |a The food service industry | |
| 245 | 0 | |b Type, quantity, and value of foods used | |
| 260 | |a Washington, D.C | ||
| 260 | |b U.S. Department of Agriculture | ||
| 260 | |c 1971 | ||
| 650 | |a food processing,industrial feeding | ||
| 904 | |i Minh, 980304 | ||
| 980 | |a Trung tâm Học liệu Trường Đại học Cần Thơ | ||